000 01776cam a22005174i 4500
003 PE-LiUPU
005 20250731173052.0
008 180307s1998 xxu0 rb 001 0 eng d
020 _a9789004352186
035 _a(Sirsi) a241424
040 _aPE-LiUPU
_bspa
_cPE-LiUPU
_erda
049 _aPRUA
082 0 4 _a282.4615
_bP79
_223
100 1 _aPoska, Allyson M.,
_eautor.
245 1 0 _aRegulating the people :
_bthe Catholic Reformation in seventeenth-century Spain /
_cAllyson M. Poska.
264 1 _aBoston :
_bBrill,
_c1998.
300 _a178 páginas ;
_c25 centímetros.
336 _atext
_2rdacontent
337 _aunmediated
_2rdamedia
338 _avolume
_2rdacarrier
490 1 _aCultures, beliefs, and traditions,
_v v.5
504 _aBibliografía : páginas 163-174.
504 _aIndice : páginas 175-178.
505 0 _aRegulating the Landscape -- Regulating the Clergy -- Regulating the People -- The Birth of a Catholic -- Marriage in Heaven and on Earth -- The Rituals of Death.
526 _aSEG42
526 _aSEG41
526 _aSEG40
526 _aSEG39
526 _aP94
526 _aP87
526 _aP86
526 _aP85
526 _aP77
526 _aP76
526 _aP35
650 0 4 _aContrareformatie.
650 0 4 _aCatholic Church.
650 0 4 _aIglesia Católica.
700 1 _aHarris, Melanie L.,
_eeditor.
910 _aadbm
_bksl
_cksl
_d20180305
942 _2ddc
_cBOOK
994 _aC0
_bPEPRU
596 _a1
999 _a282.4615 P79
_wLC
_c27062
_i78133
_f2021-11-11
_g4
_lCCODEBUL1
_mBUL
_p38.00
_r0
_sY
_tBOOK
_u2018-3-7
_xTEOLOGIA
_PP35
_0DONACION
_1FCOMPRA
_o.STAFF. Colección Teología
_d27062
980 _81
_gALBERTO SANCHEZ Responsable de Automatización